| 000 | 01160nam a22003497a 4500 | ||
|---|---|---|---|
| 003 | CHAP | ||
| 005 | 20220817042029.0 | ||
| 008 | 971013s1974 r 00010 d | ||
| 010 | _a32404 | ||
| 011 | _a33376 | ||
| 035 | _a37491 | ||
| 040 | _cCHAP | ||
| 090 | _aFolleto 3675 | ||
| 100 | 0 | 0 |
_aCruz R., Mirna. _929545 |
| 245 | _aComposición de la captura comercial del camarón de alta mar en el Pacífico | ||
| 260 |
_aMéxico, D.F. : _bInstituto Nacional de Pesca, _c1974 |
||
| 300 |
_a11 p. _b; gráfs. |
||
| 490 |
_aINP. Serie información _v; 15 |
||
| 590 |
_aBATCH-UPD _b10 _c20130110 _lUCH01 _h0050 |
||
| 590 |
_aBATCH-UPD _b10 _c20130110 _lUCH01 _h1423 |
||
| 590 |
_aBATCH-UPD _b10 _c20130409 _lUCH01 _h2037 |
||
| 590 |
_aBATCH-UPD _b10 _c20130410 _lUCH01 _h0904 |
||
| 590 |
_aBATCH-UPD _b10 _c20130914 _lUCH01 _h0820 |
||
| 590 |
_aCONVERSION _b10 _c20130109 _lUCH01 _h1318 |
||
| 650 | 1 | 4 |
_aCamarón. _917762 |
| 700 | 0 |
_aRodríguez H., Guadalupe. _998575 |
|
| 710 | 0 |
_aInstituto Nacional de Pesca. México. _959386 |
|
| 830 | 0 |
_aINP. Serie información _v; 15 |
|
| 901 | _aBK | ||
| 942 | _cFOLL | ||
| 949 |
_aFolleto 3675 _bBC _cFOLL _d-85982 _eTS1 _i37491 _si |
||
| 999 |
_c32404 _d32404 |
||